Predohrávka 32. kola 1. hokejovej ligy Humenné - Levice 4:2 (0:0, 2:1, 2:1)

Bibliographic Details
Format: Article
Language:Slovak
PhysicalDescription:Tab.
ISSN:0139-7001
Subjects:

MARC

LEADER 00000nab a2200000 ar4500
001 vtls008418875
003 SK-MaSNL
005 20260303070053.0
008 051215c20051205xo sr|p|||||||000 b|slo
015 |a SNBRB2005/12  |2 snkbucl 
038 |a SNKBUCL 
040 |a SNKBUCL  |b slo  |c SNKBUCL  |e AACR2 
041 0 |a slo 
044 |a xo  |c SK 
080 |a 796.966.093.1  |2 UDC-MRF-SK2 
245 0 0 |a Predohrávka 32. kola 1. hokejovej ligy Humenné - Levice 4:2 (0:0, 2:1, 2:1) 
300 |b Tab. 
650 0 7 |a ľadový hokej  |2 snkbucl  |9 3231 
650 0 7 |a 32. kolo  |2 snkbucl  |9 1028625 
650 0 7 |a 1. liga  |2 snkbucl  |9 722880 
773 0 |t Šport  |g Roč. 59, č. 283 (8.12.2005), s. 15  |x 0139-7001 
852 |a SNK  |b KIS3GCP 
999 |c 1753799  |d 1755729